Faraón v objatí medveďa

Boj proti islamistickému terorizmu. Spolupráca Západu s Ruskom. Návšteva V. Putina v Egypte a obnovenie strategického partnerstva. Egypt v kalkuláciách Kremľa. Zbrane pre Egypt. Armáda a silové zložky v Egypte - štát v štáte. Memorandum o porozumení a výstavbe jadrovej elektrárne v Dabaa. Rozšírenie...

Ausführliche Beschreibung

Gespeichert in:
Bibliographische Detailangaben
1. Verfasser: Pressburg, Adrian Peter
Format: Buchkapitel
Sprache:Slowakisch
Schlagworte:
Tags: Tag hinzufügen
Keine Tags, Fügen Sie das erste Tag hinzu!

MARC

LEADER 00000naa a2200000 4500
001 0198420
005 20231113102630.3
041 0 |a slo 
044 |a SK 
245 1 0 |a Faraón v objatí medveďa  |c Adrian Peter Pressburg 
520 |a Boj proti islamistickému terorizmu. Spolupráca Západu s Ruskom. Návšteva V. Putina v Egypte a obnovenie strategického partnerstva. Egypt v kalkuláciách Kremľa. Zbrane pre Egypt. Armáda a silové zložky v Egypte - štát v štáte. Memorandum o porozumení a výstavbe jadrovej elektrárne v Dabaa. Rozšírenie používania národných mien v bilaterálnom obchode. 
610 2 0 |a politika zahraničná 
610 2 0 |a politika medzinárodná 
610 2 0 |a vzťahy medzinárodné 
610 2 0 |a spolupráca medzinárodná 
610 2 0 |a energetika 
610 2 0 |a zbrane 
610 2 0 |a terorizmus 
610 2 0 |a Egypt 
610 2 0 |a Rusko 
100 1 |a Pressburg, Adrian Peter